Normal view MARC view

Entry Nombre personal

Number of records used in: 1

001 - NÚMERO DE CONTROL

  • campo de control: 18177

003 - IDENTIFICADOR DE NÚMERO DE CONTROL

  • campo de control: SpMaBN

005 - FECHA Y HORA DE LA ÚLTIMA TRANSACCIÓN

  • campo de control: 20230618184336.0

008 - ELEMENTOS DE DATO DE LONGITUD-FIJA

  • campo de control de longitud fija: 910101nn ainnnaabn a aaa

016 ## - NÚMERO DE CONTROL DE UNA AGENCIA BIBLIOGRÁFICA NACIONAL

  • Número de control del registro: BNE19960812809

024 7# - IDENTIFICADOR DE OTROS ESTÁNDARES

  • Número estándar o código: http://viaf.org/viaf/315538129/
  • Fuente: viaf

040 ## - FUENTE DE CATALOGACIÓN

  • Centro catalogador/agencia de origen: SpMaBN
  • Lengua de catalogación: spa
  • Centro/agencia transcriptor: SpMaBN
  • Normas de descripción: rdc
  • Convención/Normas de encabezamiento de materia/tesauro: embne
  • Centro/agencia modificador: ES-MaACL

046 ## - FECHAS CON CODIFICACIÓN ESPECIAL

  • Fecha de nacimiento: 1930-03-10
  • Fecha de la muerte: 2009-12-30

100 1# - ENCABEZAMIENTO-NOMBRE DE PERSONA

  • Nombre de persona: Abrisqueta Martínez, Jaime,
  • Fechas asociadas al nombre: 1930-2009

370 ## - LUGAR ASOCIADO

  • Lugar de nacimiento: España, País Vasco, Vizcaya, Bilbao
  • Fuente del término: embne

370 ## - LUGAR ASOCIADO

  • Lugar de fallecimiento: España, Madrid (Comunidad Autónoma), Madrid
  • Fuente del término: embne

372 ## - CAMPO DE ACTIVIDAD

  • Campo de actividad: Derecho
  • Campo de actividad: Diplomacia
  • Fuente del término: embne

373 ## - GRUPO ASOCIADO

  • Grupo asociado: Ministerio de Asuntos Exteriores
  • Fuente del término: abne

374 ## - OCUPACIÓN

  • Ocupación: Diplomáticos
  • Ocupación: Escritores
  • Fuente del término: embne

375 ## - GÉNERO/SEXO

  • Género: Masculino

377 ## - IDIOMA ASOCIADO

  • Término de lengua/lenguaje: Español

400 1# - TRAZADO DE VÉASE--NOMBRE DE PERSONA

  • Nombre de persona: Abrisqueta, Jaime,
  • Fechas asociadas al nombre: 1930-2009

670 ## - FUENTE DE DATOS ENCONTRADOS

  • Cita de la fuente: La organización consular, 1977;
  • Información encontrada: port. (Jaime Abrisqueta Martínez)

670 ## - FUENTE DE DATOS ENCONTRADOS

  • Cita de la fuente: Sánchez-Santiago, 2002;
  • Información encontrada: (Jaime Abrisqueta; textos)

670 ## - FUENTE DE DATOS ENCONTRADOS

  • Cita de la fuente: WWW Euskomedia, 28-4-2015;
  • Información encontrada: (Jaime Abrisqueta Martínez; Bilbao 1930 - Madrid 2009; diplomático vizcaíno)

670 ## - FUENTE DE DATOS ENCONTRADOS

  • Cita de la fuente: WWW Fondo Bernardo Estornés Lasa, 10-9-2018;
  • Información encontrada: (Diplomático vizcaíno nacido el 10 de marzo de 1930 en Bilbao)
  • Identificador Uniforme de Recursos: http://aunamendi.eusko-ikaskuntza.eus/eu/abrisqueta-martinez-j aime/ar-26192/

670 ## - FUENTE DE DATOS ENCONTRADOS

  • Cita de la fuente: WWW Auñamendi Eusko Entziklopedia, 24-9-2018;
  • Información encontrada: (Diplomático vizcaíno nacido el 10 de marzo de 1930 en Bilbao. Fallecido en Madrid 2009. Estudió Derecho en la Universidad de Madrid. Se graduó en la Escuela Diplomática)
  • Identificador Uniforme de Recursos: http://aunamendi.eusko-ikaskuntza.eus/eu/abrisqueta-martinez-j aime/ar-26192/

670 ## - FUENTE DE DATOS ENCONTRADOS

  • Cita de la fuente: WWW Bn España aut., 28-6-2023;
  • Información encontrada: (Abrisqueta Martínez, Jaime, 1930-2009)

955 ## - CATALOGADOR - EDICIÓN

  • Nombre del catalogador: Julia Mas Vieira